Entry Personal Name
Number of records used in: 1
001 - CONTROL NUMBER
003 - CONTROL NUMBER IDENTIFIER
005 - DATE AND TIME OF LATEST TRANSACTION
- control field:
20231123143639.0
008 - FIXED-LENGTH DATA ELEMENTS
- fixed length control field:
070611n| acannaabn |n aaa
010 ## - LIBRARY OF CONGRESS CONTROL NUMBER
- LC control number:
nb2007013602
035 ## - SYSTEM CONTROL NUMBER
- System control number:
(Uk)006824663
040 ## - CATALOGING SOURCE
- Original cataloging agency:
Uk
- Language of cataloging:
eng
- Transcribing agency:
Uk
100 1# - HEADING--PERSONAL NAME
- Personal name:
Dhillon, Ranjit S.
670 ## - SOURCE DATA FOUND
- Source citation:
Hydroboration and organic synthesis, 2007:
- Information found:
t.p. (Ranjit S. Dhillon) verso (Prof. Dr. Ranjit S. Dhillon, Dept. of Biochemistry and Chemistry, Punjab agricultural University, India)